000 00993nac a22002777a 4500
001 BR7805093
003 BR-BrBNA
005 20240105114256.0
008 230509b bl.|||m| |||| 00| 0 por d
040 _aBR-BrBNA
_bpor
_cBiblioteca Nacional de Agricultura
072 _aE70
090 _a8915 BR7805093
110 1 _aMinisterio das Relacoes Exteriores, Brasilia, DF (Brasil). Depto. de Promocao Comercial;
_97087
110 1 _aInstituto de Planejamento Economico e Social, Brasilia, DF (Brasil)
_96238
245 1 _aFranca. Madeiras serradas, laminadas e obras de carpintaria [Comercio; Mercado internacional]
260 3 _aBrasilia, DF (Brasil):
_c1978.
300 _a38 p.
490 _aMercados para o Brasil. Estudos Especiais (Brazil)
_vno. 71
_x
500 _a10 tables; Summary (Fr)
650 _aComercializacao
650 _aMadeira
650 _aMercado internacional
650 _aFranca
909 _a202312
_bLúcia Elande
_c55
_dLúcia Elande
942 _2AGRIS
_n0
_cMS
999 _c268404
_d268404